| 000 | 00504nam a2200193 a 4500 | ||
|---|---|---|---|
| 001 | 1769942616191 | ||
| 003 | YourLibrary | ||
| 005 | 20260201163956.0 | ||
| 008 | 260201s2001##################000#0#eng## | ||
| 020 | _a9780521000031 | ||
| 082 | 0 | 4 |
_a305.2609 _bBAL |
| 100 | 1 |
_aBaltes, Paul B., _eauthor. |
|
| 245 | 1 | 0 | _aThe Berlin Aging Study : |
| 260 |
_bCambridge University Press, _c2001. |
||
| 300 | _a572 pages | ||
| 650 | 0 | _aMedical. | |
| 942 | _cENGLISH | ||
| 040 |
_aYourLibrary _beng _cYourLibrary |
||
| 999 |
_c609862 _d609862 |
||